Statystyki dla Państwa według najwyższej odnotowanej temperatury

Kliknij tutaj aby rozwiązać quiz!

Ogólne statystyki

  • Ten quiz został rozwiązany 23 833 razy
  • Średni wynik to 13 z 21

Statystyki odpowiedzi

°CKraj% Poprawnych
50,3Egipt
89%
54,0Stany Zjednoczone
83%
52,0Meksyk
73%
52,0Arabia Saudyjska
72%
50,7Maroko
71%
51,3Algieria
68%
50,7Australia
68%
50,5Chiny
68%
51,0Indie
68%
53,7Iran
65%
53,9Irak
64%
50,2Libia
62%
51,8Zjednoczone Emiraty Arabskie
60%
50,8Oman
59%
50,1Tunezja
57%
50,5Izrael
56%
50,4Katar
56%
53,5Pakistan
48%
54,0Kuwejt
45%
51,1Jordania
41%
50,1Turkmenistan
19%

Rozkład punktacji

Percentyl według liczby udzielonych odpowiedzi

Procent ludzi z każdym wynikiem

Twoja historia wyników

Nie rozwiązałeś tego quizu